03934 a2200229 4500001000500000005001700005008004100022003001500063040004000078080004000118245004100158020002200199264003300221300002000254505315500274100003103429700003103460700003303491700003003524700002803554856012203582192520260407155420.0260407a2008 arg spa dAR-UNSa-BCEJYS aAR-UNSa-BCEJYSbspacAR-UNSa-BCEJYS a349.22:331.106xContrato de trabajo10aLey de contrato de trabajo comentada a978-987-03-1382-3 1aBuenos Aires :bLa Leyc2008 a1127 p.c25 cm. aTítulo I: Disposiciones generales - Título II: Del contrato de trabajo en general - 1. Del contrato y la relación de trabajo - 2. De los sujetos del contrato de trabajo - 3. De los requisitos esenciales y formales del contrato de trabajo - 4. Del objeto del contrato de trabajo - 5. De la formación del contrato de trabajo - 6. De la forma y prueba del contrato de trabajo - 7. De los derechos y deberes de las partes - 8. De la formación profesional - Título III: De las modalidades del contrato de trabajo - 1. Principios generales - 2. Del contrato de trabajo a plazo fijo - 3. Del contrato de trabajo de temporada - 4. Del contrato de trabajo eventual 5. Del contrato de trabajo de grupo o por equipo - Título IV: De la remuneración del trabajador - 1. Del sueldo o salario en general - 2. Del salario mínimo vital y móvil - 3. Del sueldo anual complementario - 4. De la tutela y pago de la remuneración - Título V: De las vacaciones y otras licencias - 1. Régimen general - 2. Régimen de las licencias especiales - 3. Disposiciones comunes - Título VI: De los feriados obligatorios y días no laborables - Título VII: Trabajo de mujeres - 1. Disposiciones generales - 2. De la protección de la maternidad 3. De la prohibición del despido por causa de matrimonio - 4. Del estado de excedencia - Título VIII: De la prohibición del trabajo infantil y de la protección del trabajo adolescente - Título IX: De la duración del trabajo y descanso semanal -1. Jornada de trabajo - 2. Del descanso semanal - Título X: De la suspensión de ciertos efectos del contrato de trabajo - 1. De los accidentes y enfermedades inculpables 2. Servicio militar y convocatorias especiales - 3. Del desempeño de cargos efectivos - 4. Del desempeño de cargos efectivos o representativos en asociaciones profesionales de trabajadores con personería gremial o en organismos o comisiones que requieran representación sindical - 5. De las suspensiones por causas económicas y disciplinarias - Título XI: De la transferencia del contrato de trabajo - 1. Del preaviso - 2.De la extinción del contrato de trabajo por renuncia del trabajador - 3. De la extinción del contrato de trabajo por voluntad concurrente de las partes - 4. De la extinción del contrato de trabajo por justa causa - 5. De la extinción del contrato de trabajo por fuerza mayor o por falta o disminución de trabajo - 6. De la extinción del contrato de trabajo por muerte del trabajador - 7. De la extinción del contrato de trabajo por muerte del empleador - 8. De la extinción del contrato de trabajo por vencimiento del plazo - 9. De la extinción del contrato de trabajo por quiebra o concurso del empleador - 10. De la extinción del contrato de trabajo por jubilación del trabajador - 11. De la extinción del contrato de trabajo por incapacidad o inhabilidad del trabajador - 12. Disposición común - Título XIII: De la prescripción y caducidad - Título XIV: De los privilegios - 1. De la preferencia de los créditos laborales - 2. De las clases de privilegios - Título XV: Disposiciones complementarias 1 aRodríguez Mancini, Jorge1 aVázquez Vialard, Antonio1 aVirgili, Claudio Sebastián1 aPoclava Lafuente, Juan C.1 aGonzález, Ricardo (h)41uhttps://biblioeco.unsa.edu.ar/pmb/images/libros/Ley de contrato de trabajo-l118215.jpgyImagen de portadaqimage/jpeg